Río que corre entre piedras : visión y acción de un gobierno : 2013-2018 /

Informe de las labores realizadas durante el mandato del gobernador Jorge Aristóteles Sandoval Díaz (2013-2018) por el Sistema Intermunicipal de los Servicios de Agua Potable y Alcantarillado (SIAPA). El organismo encargado de abastecer agua, cuidarla y darle un uso eficiente en la zona metropolitan...

Fuld beskrivelse

Guardado en:
Bibliografiske detaljer
Institution som forfatter: Jalisco. Sistema Intermunicipal de los Servicios de Agua Potable y Alcantarillado
Andre forfattere: Mejía Durán, Aristeo (dirección) (dirección), Romero Morett, Miguel A. (coordinación) (coordinación), Reyes Benítez, Ramsés Alejandro (coordinación) (coordinación)
Format: Bog
Sprog:spansk
Udgivet: Guadalajara, México : Gobierno del Estado de Jalisco : Sistema Intermunicipal de los Servicios de Agua Potable y Alcantarillado, 2018
Fag:
Tags: Tilføj Tag
Ingen Tags, Vær først til at tagge denne postø!

MARC

LEADER 00000nam^a2200000^a^4500
001 000414329
005 20250521000000.0
009 20260526144056.01
037 |a Acervo ITESO - Biblioteca 
041 |a ESP 
082 |a 628. 10972352  |b JAL SIAPA 2018 
110 |a Jalisco.  |b Sistema Intermunicipal de los Servicios de Agua Potable y Alcantarillado 
245 1 0 |a Río que corre entre piedras :  |b visión y acción de un gobierno : 2013-2018 /  |c Dir. de A. Mejía Durán ; coord. de M.A. Romero Morett, R.A. Reyes Benítez. 
264 1 |a Guadalajara, México :  |b Gobierno del Estado de Jalisco :  |b Sistema Intermunicipal de los Servicios de Agua Potable y Alcantarillado,  |c 2018 
300 |a 248, [25] p. 
336 |a texto  |b txt  |2 rdacontenido 
337 |a sin mediación  |b n  |2 rdamedio 
338 |a volumen  |b nc  |2 rdasoporte 
520 |a Informe de las labores realizadas durante el mandato del gobernador Jorge Aristóteles Sandoval Díaz (2013-2018) por el Sistema Intermunicipal de los Servicios de Agua Potable y Alcantarillado (SIAPA). El organismo encargado de abastecer agua, cuidarla y darle un uso eficiente en la zona metropolitana de la capital jalisciense, lo hizo en un contexto de respeto al ambiente, aprovechando las reservas hidrológicas de los mantos subterráneos. El texto da cuenta tanto de la infraestructura existente para lograr su objetivo, como de las tareas administrativas del propio SIAPA. 
649 |a XX 
650 |a Agua Potable -  |z Guadalajara, Jalisco 
650 |a Agua Potable -  |z México -  |x Historia 
650 |a Agua -  |x Abastecimiento -  |z Guadalajara, Jalisco -  |x Tema Principal 
650 |a Agua -  |x Abastecimiento -  |z México -  |x Historia 
650 |a Sistema de Agua Potable -  |z Guadalajara, Jalisco -  |x Tema Principal 
650 |a Sistema de Agua Potable -  |z México 
650 |a Infraestructura Urbana -  |z Guadalajara, Jalisco -  |x Historia -  |y 2012-2018 -  |x Tema Principal 
650 |a Infraestructura Urbana -  |z México -  |x Historia -  |y 2012-2018 
650 |a Obras Públicas -  |z Guadalajara, Jalisco -  |x Historia -  |y 2012-2018 
650 |a Obras Públicas -  |z México -  |x Historia -  |y 2012-2018 
650 |a Política Ambiental -  |z Jalisco -  |x Historia -  |y 2012-2018 
650 |a Política Ambiental -  |z México -  |x Historia -  |y 2012-2018 
650 |a Administración Pública -  |z Guadalajara, Jalisco -  |x Historia -  |y 2012-2018 
650 |a Administración Pública -  |z México -  |x Historia -  |y 2012-2018 
650 |a Política -  |z Jalisco -  |x Historia -  |y 2012-2018 
650 |a Política -  |z México -  |x Historia -  |y 2012-2018 
700 |a Mejía Durán, Aristeo  |e (dirección) 
700 |a Romero Morett, Miguel A.  |e (coordinación) 
700 |a Reyes Benítez, Ramsés Alejandro  |e (coordinación) 
910 |a Fondo General 
920 |a Impresos - Libros 
930 |a Reserva Especial 
905 |a 103 
901 |a 0500323789  |b IT1  |c REE  |i D103925  |u 20250521 
902 |a https://opac.biblio.iteso.mx/vufind/Record/000414329